La pareja humana: angustia o equilibrio

Salvato in:
Dettagli Bibliografici
Autore principale: Lestapis, Stanislas de (Autore)
Natura: Libro
Lingua:spagnolo
Pubblicazione: Barcelona Herder 1971
Soggetti:
Tags: Aggiungi Tag
Nessun Tag, puoi essere il primo ad aggiungerne!!

MARC

LEADER 00000nam a2200000 a 4500
001 UCR3143
003 CL-VaPUC
008 980123e19710000SP |||||||||||||||||spa|d
082 0 4 |a 248.844  |b LES  |2 21 
100 |a Lestapis, Stanislas de  |e author  |9 401979 
245 1 3 |a La pareja humana: angustia o equilibrio 
300 |a 244 p 
942 |c BK 
945 |d 19980123 00:00:00  |a rleighto 
260 |a Barcelona  |b Herder  |c 1971 
650 7 |a CONYUGES  |2 CL-VaPUC  |9 256936 
650 0 |a Divorcio  |9 256204 
650 0 |a Espiritualidad   |9 267331 
650 0 |a Amor  |9 257817 
650 0 |a Comunicación   |9 257251 
650 7 |a PATERNIDAD RESPONSABLE  |2 CL-VaPUC  |9 334224 
650 0 |a Sacramentos   |9 257270 
583 |a last modification  |c 19980123 00:00:00  |k Rodrigo Vera 
999 |c 266242  |d 266240 
952 |0 0  |1 0  |4 0  |6 248_844000000000000_LES_1971  |7 0  |8 A  |9 297656  |a BIBTEO  |b BIBTEO  |d 2019-11-20  |i 3369560  |o 248.844 LES 1971  |p 3369560  |r 2025-01-17  |w 2019-11-20  |y BK  |k ICR